000 00691nam a22002177a 4500
003 OSt
005 20240504121931.0
008 220506b ||||| |||| 00| 0 eng d
040 _cAL
041 _aTulu
082 _223
_aT894.3
_bVASA
100 _aVasantha Kumar Perla
_9163161
100 _9163159
_dವಸಂತ ಕುಮಾರ ಪೆರ್ಲ
245 _aAkashavani Tulu Kathekkulu
_bಆಕಾಶವಾಣಿ ತುಳು ಕತೆಕ್ಕುಲು
260 _aMangalore
_bKarnataka Tulu Sahitya Academy
_c1996
300 _a149 p.
_bPB
_c21x14 cm.
365 _c
_d₹28.00
650 _atulu stories
_934288
700 _aVASANTHA KUMAR PERLA
_934289
942 _2ddc
_cGF
999 _c222804
_d222804